[Event "Ljubljana op"]
[Site "Ljubljana"]
[Date "1995.??.??"]
[Round "5"]
[White "Ciglic, Boris"]
[Black "Gazarek, Danko"]
[Result "0-1"]
[WhiteElo "2195"]
[BlackElo "2330"]

1.Nf3 d5 2.c4 d4 3.e3 Nc6 4.exd4 Nxd4 5.Nxd4 Qxd4 6.Nc3 e5 7.d3 Ne7 8.Be2 Be6
9.O-O Nf5 10.Kh1 Qd7 11.f4 exf4 12.Bxf4 Nd4 13.Bf3 c6 14.Be5 Nxf3 15.Qxf3 O-O-O
16.Qf2 b6 17.Rad1 f6 18.Bf4 Bc5 19.Be3 Bxe3 20.Qxe3 Bg4 21.Rd2 Rhe8 22.Qg3 Be6
23.b3 Qd4 24.Ne2 Qg4 25.Qf2 Bf7 26.d4 Qg5 27.Ng1 Bg6 28.Nf3 Qf4 29.Re1 Rxe1+
30.Qxe1 Be4 31.Qf2 Bxf3 32.gxf3 Re8 33.Kg2 Re3 34.Qg3 Rxf3 35.Qxf3 Qxd2+
36.Kh3 Qh6+ 37.Kg2 Qd2+ 38.Kg3 Qg5+ 39.Kh3 Qh6+ 40.Kg3 Qg5+ 41.Kh3 Kd7 42.b4 h5
43.b5 cxb5 44.cxb5 Ke6 45.Qe4+ Kf7 46.d5 Qe5 47.Qd3 Ke7 48.Qc4 Qf5+ 49.Kg3 Qg4+
50.Qxg4 hxg4 51.Kxg4 g6 52.Kf4 Kd6 53.Ke4 f5+ 54.Kd4 g5 55.h3 g4 56.hxg4 fxg4
57.Ke4 g3 58.Kf3 Kxd5 59.Kxg3 Kc4 60.Kf3 Kxb5  0-1

[Event "ESP-chJ"]
[Site "Los Barrios"]
[Date "1995.??.??"]
[Round "1"]
[White "Ramirez, Juan Manuel"]
[Black "Cervantes, S."]
[Result "1-0"]
[WhiteElo "2250"]
[BlackElo "2000"]

1.Nf3 d5 2.c4 e6 3.g3 Nf6 4.Bg2 Be7 5.O-O O-O 6.b3 Nbd7 7.Bb2 c5 8.e3 b6
9.Nc3 Bb7 10.Qc2 Rc8 11.d3 a6 12.e4 d4 13.Ne2 e5 14.h3 Nh5 15.Rae1 Qc7 16.Bc1 g6
17.Bh6 Ng7 18.Qd2 f5 19.Ng5 Bxg5 20.Bxg5 Nf6 21.f3 Rce8 22.h4 Bc8 23.Kh1 fxe4
24.dxe4 Ngh5 25.Kh2 b5 26.Qd3 Bd7 27.Rb1 Kh8 28.Rb2 Kg7 29.Qd2 Ng8 30.Qc2 h6
31.Bd2 Ngf6 32.Rfb1 Rc8 33.Nc1 Nh7 34.Nd3 g5 35.Qc1 Kg6 36.hxg5 Nxg5 37.Rc2 b4
38.f4 exf4 39.Nxf4+ Nxf4 40.Bxf4 Qd8 41.Qd2 Bg4 42.Qd3 Qd7 43.Rf1 Nh3 44.Bxh3 Bxh3
45.Ra1 a5 46.a3 Rc6 47.axb4 axb4 48.Rca2 Qe6 49.Ra7 Bg4 50.R1a5 Rf7 51.Ra8 Re7
52.Rh8 Rh7 53.Raa8 Kg7 54.Rhe8 Qf7 55.Be5+ Kg6 56.Rg8+ Kh5 57.Raf8 Qe6 58.Bf4 Rf7
59.Rxf7 Qxf7 60.Rxg4 Kxg4 61.Qe2+  1-0

[Event "POL-chT"]
[Site "Lubniewice"]
[Date "1995.??.??"]
[Round "1"]
[White "Czerwonski, Aleksander"]
[Black "Bus, Mariusz"]
[Result "1/2-1/2"]
[WhiteElo "2360"]
[BlackElo "2380"]

1.Nf3 d5 2.c4 dxc4 3.Qa4+ Nd7 4.g3 Nf6 5.Bg2 e6 6.O-O c5 7.Qxc4 a6 8.Qc2 Be7
9.d4 O-O 10.Rd1 cxd4 11.Nxd4 Bc5 12.Nc3 Qe7 13.h3 Re8 14.Be3 Ba7 15.Rac1 Nf8
16.Qd2 Ng6 17.Nb3 Bxe3 18.Qxe3 e5 19.Qb6 e4 20.Na5 h5 21.Nc4 h4 22.Nd6 Rf8
23.Ndxe4 Nxe4 24.Nxe4 Bxh3 25.Qc7 Bxg2 26.Qxe7 Nxe7 27.Kxg2 hxg3 28.Rc7 Nc6
29.Nxg3 Rab8 30.Nf5 Rfd8 31.Rxd8+ Nxd8 32.Nd6 Kf8 33.a4 f6 34.e3 b6 35.Nf5 Ne6
36.Re7 Nc5 37.Rxg7 Nxa4 38.Rh7 Kg8 39.Ra7 Nxb2 40.Ne7+ Kf8 41.Nd5 a5 42.Nxf6 Rd8
43.e4 Nd3 44.Nd7+ Ke7 45.Nxb6+ Ke6 46.Nd5 Rg8+ 47.Kf3 Rf8+ 48.Ke3 Nxf2 49.Nf4+ Kd6
50.e5+ Kc6 51.e6 Ng4+ 52.Kf3 Kb6 53.Rg7 Ne5+ 54.Ke4 Nc6 55.Rg1 Re8 56.Rc1 a4
57.Rb1+ Kc5 58.Rc1+  1/2-1/2

[Event "POL-chT"]
[Site "Lubniewice"]
[Date "1995.??.??"]
[Round "1"]
[White "Przewoznik, Jan"]
[Black "Wlodarczyk, Robert"]
[Result "1-0"]
[WhiteElo "2390"]
[BlackElo "2305"]

1.Nf3 d5 2.c4 c6 3.b3 Bg4 4.e3 Nd7 5.Bb2 Ngf6 6.Be2 e6 7.h3 Bh5 8.d3 Bb4+
9.Nbd2 dxc4 10.bxc4 Nc5 11.d4 Nce4 12.O-O Qa5 13.Nxe4 Nxe4 14.Ne5 Bg6 15.c5 Bc3
16.Qb3 Bxb2 17.Qxb7 O-O 18.Qxb2 Rab8 19.Qc1 Nc3 20.Bf3 Be4 21.Qe1 Bxf3 22.gxf3 Qa3
23.Nd7 Rb2 24.Nxf8 Kxf8 25.Kg2 Nd5 26.Kh1 Qd3 27.Rb1 Rxa2 28.Rg1 Qf5 29.Rg3 g6  1-0

[Event "POL-chT"]
[Site "Lubniewice"]
[Date "1995.??.??"]
[Round "11"]
[White "Wach, Slawomir"]
[Black "Gawronski, Miroslaw"]
[Result "1-0"]
[WhiteElo "2265"]
[BlackElo "2100"]

1.Nf3 d5 2.c4 d4 3.a3 g6 4.e3 c5 5.exd4 cxd4 6.d3 a5 7.g3 Bg7 8.Bg2 Nc6 9.O-O e5
10.Re1 Nge7 11.Nbd2 a4 12.b4 axb3 13.Qxb3 O-O 14.Rb1 Ra6 15.c5 Na5 16.Qc2 f6
17.Ne4 Qc7 18.Bd2 f5 19.Nd6 Nec6 20.Ng5 Nd8 21.Rb6 Ra7 22.Bd5+ Kh8 23.Nb5 Qb8
24.Nxa7 Qxa7 25.Qa4 Nac6 26.Qxa7 Nxa7 27.f4 h6 28.Nf3 e4 29.dxe4 fxe4 30.Bxe4 Nac6
31.Nh4 Rf6 32.Nxg6+ Kg8 33.Bxc6 Nxc6 34.Re8+ Kf7 35.Rxc8 Kxg6 36.Rxb7 d3
37.Bc3 Rf7 38.Rxc6+ Kh5 39.Rxf7 Bd4+ 40.Kf1 Bxc3 41.h3  1-0

[Event "Lyon op"]
[Site "Lyon"]
[Date "1995.??.??"]
[Round "2"]
[White "Ivkov, Borislav"]
[Black "Bex, Pierre Alain"]
[Result "1-0"]
[WhiteElo "2470"]
[BlackElo "2190"]

1.Nf3 d5 2.c4 c6 3.e3 Nf6 4.Nc3 e6 5.b3 Nbd7 6.Bb2 Be7 7.d4 O-O 8.Bd3 Re8
9.O-O Bd6 10.Qc2 a6 11.Rad1 Qe7 12.Rfe1 Nf8 13.e4 dxe4 14.Nxe4 Nxe4 15.Bxe4 Bd7
16.Ne5 Rad8 17.Rd3 Bc8 18.Rh3 f5 19.Bd3 Nd7 20.Nxd7 Qxd7 21.Rhe3 Bf4 22.R3e2 Bg5
23.d5 exd5 24.cxd5 cxd5 25.g3 Rxe2 26.Rxe2 Re8 27.Rxe8+ Qxe8 28.h4 Bf6 29.Bxf6 gxf6
30.Bxf5 Bxf5 31.Qxf5 Qe1+ 32.Kg2 Qe4+ 33.Qxe4 dxe4 34.g4 Kf7 35.Kg3 Ke6 36.Kf4 Kd5
37.Kf5 b5 38.Kxf6 a5 39.g5  1-0

[Event "Madras zt"]
[Site "Madras"]
[Date "1995.??.??"]
[Round "1"]
[White "Hakki, Imad"]
[Black "Safai, Pejman"]
[Result "1-0"]
[WhiteElo "2360"]
[BlackElo "2000"]

1.Nf3 d5 2.c4 c6 3.d4 Nf6 4.e3 Bf5 5.Nc3 e6 6.Qb3 Qb6 7.c5 Qc7 8.Be2 b6 9.cxb6 axb6
10.Bd2 Nbd7 11.O-O Be7 12.Rac1 O-O 13.Nh4 Ne4 14.Nxe4 Bxe4 15.f3 Bg6 16.Nxg6 hxg6
17.e4 Rfc8 18.a3 Bd6 19.e5 Be7 20.f4 Qa7 21.Kh1 c5 22.Be3 Rc7 23.Rc3 Rac8
24.Rfc1 c4 25.Qd1 b5 26.g4 Qb6 27.Qf1 Nf8 28.f5 gxf5 29.gxf5 exf5 30.Qxf5 Ne6
31.Rg1 b4 32.axb4 Bxb4 33.Rcc1 c3 34.bxc3 Bxc3 35.Rcd1 Bxd4 36.Rxd4 Nxd4
37.Qg4 g6 38.Bxd4 Qe6 39.Qf4  1-0

[Event "Madrid-ch"]
[Site "Madrid"]
[Date "1995.??.??"]
[Round "2"]
[White "Blasco, Miguel"]
[Black "Barraza Caracel, Ignacio"]
[Result "1/2-1/2"]
[WhiteElo "2175"]
[BlackElo "2230"]

1.Nf3 d5 2.c4 c6 3.b3 Bf5 4.g3 e6 5.Bb2 Nf6 6.Bg2 h6 7.O-O Be7 8.d3 O-O 9.Nbd2 Nbd7
10.Rc1 a5 11.a3 Bc5 12.Rc2 Re8 13.Qa1 Bf8 14.Re1 Bh7 15.Rcc1 Qe7 16.Nh4 g5
17.Nhf3 e5 18.cxd5 Nxd5 19.e4 Nc7 20.d4 exd4 21.Nxd4 Nc5 22.Re3 Rad8 23.Nc4 Qd7
24.Nb6 Qd6 25.Nc4 Qd7 26.Nb6 Qd6 27.Nc4  1/2-1/2

[Event "CRO-chT"]
[Site "Makarska Tucepi"]
[Date "1995.??.??"]
[Round "?"]
[White "Kozul, Zdenko"]
[Black "Rogic, Davor"]
[Result "1-0"]
[WhiteElo "2580"]
[BlackElo "2435"]

1.Nf3 d5 2.c4 d4 3.b4 f6 4.e3 c5 5.bxc5 Nc6 6.exd4 Nxd4 7.Nxd4 Qxd4 8.Nc3 e5
9.Be2 Bxc5 10.O-O Ne7 11.Bb2 Qd8 12.Ne4 Bd4 13.Qa4+ b5 14.Qa3 b4 15.Qxb4 Bxb2
16.Qxb2 O-O 17.c5 Be6 18.Nd6 Nc6 19.Qc3 Kh8 20.Bc4 Nd4 21.Rfe1 Qd7 22.f4 Bxc4
23.Qxc4 Qg4 24.Re3 h6 25.Rf1 Nc6 26.fxe5 Nxe5 27.Qxg4 Nxg4 28.Re4  1-0

[Event "CRO-chT"]
[Site "Makarska Tucepi"]
[Date "1995.??.??"]
[Round "?"]
[White "Dizdar, Goran"]
[Black "Tukmakov, Vladimir B"]
[Result "1/2-1/2"]
[WhiteElo "2535"]
[BlackElo "2600"]

1.Nf3 d5 2.c4 c6 3.d4 dxc4 4.e3 b5 5.a4 e6 6.Nc3 Bb4 7.Bd2 Qb6 8.Ne4 Be7
9.b3 cxb3 10.Qxb3 Nf6 11.Nxf6+ gxf6 12.axb5 Nd7 13.Bd3 Rb8 14.Qa4 cxb5 15.Qxa7 b4
16.Qxb6 Rxb6 17.Ke2 Bb7 18.Rhb1 f5 19.Ra4 Bc6 20.Ra6 Rxa6 21.Bxa6 O-O 22.Rc1 Bd5
23.Rc7 Nb8 24.Bb5 Bd6 25.Rc1 b3 26.Ne5  1/2-1/2

[Event "CRO-chT"]
[Site "Makarska Tucepi"]
[Date "1995.??.??"]
[Round "?"]
[White "Cvitan, Ognjen"]
[Black "Markotic, Gordan"]
[Result "1-0"]
[WhiteElo "2510"]
[BlackElo "2330"]

1.Nf3 d5 2.c4 c6 3.e3 e6 4.d4 f5 5.Bd3 Nf6 6.O-O Bd6 7.b3 Qe7 8.a4 Ne4 9.Ne5 O-O
10.f3 Nf6 11.Ba3 Bxa3 12.Nxa3 Nbd7 13.Nc2 Qd6 14.f4 Ne4 15.b4 Ndf6 16.c5 Qc7
17.Ne1 Bd7 18.N1f3 Be8 19.Qe1 b6 20.Rc1 Rb8 21.Ng5 Nxg5 22.fxg5 Ne4 23.Bxe4 dxe4
24.cxb6 Qxb6 25.Rc4 Qd8 26.Qg3 a5 27.bxa5 Qxa5 28.h4 Rb2 29.Nxc6 Bxc6 30.Rxc6 Qd5
31.Rc7 Rb3 32.Kh2 Rb7 33.Rxb7 Qxb7 34.Qe5 Qb3 35.Rc1 Qd5 36.Qxd5 exd5 37.Kg3 f4+
38.exf4 Rb8 39.f5 Rb4 40.Ra1 Rxd4 41.a5 Rc4 42.a6 Rc8 43.Kf4 Ra8 44.Ke3  1-0

[Event "CRO-chT"]
[Site "Makarska Tucepi"]
[Date "1995.??.??"]
[Round "?"]
[White "Kozul, Zdenko"]
[Black "Zecevic, Dean"]
[Result "1-0"]
[WhiteElo "2580"]
[BlackElo "2335"]

1.Nf3 d5 2.c4 c6 3.e3 Nf6 4.Nc3 g6 5.d4 Bg7 6.cxd5 cxd5 7.Bb5+ Nbd7 8.Qb3 e6
9.O-O O-O 10.Rd1 a6 11.Bd3 b6 12.Bd2 Bb7 13.Na4 Re8 14.Rac1 Ne4 15.Ba5 bxa5
16.Qxb7 Re7 17.Qc7 Qf8 18.Qxa5 f5 19.Rc6 g5 20.Nd2 Qf7 21.Nxe4 fxe4 22.Be2 Rf8
23.Rf1 e5 24.Qd2 exd4 25.exd4 Qf5 26.Nc3 Kh8 27.Rxa6 Nf6 28.Nd1 g4 29.Ne3 Qg5
30.b4 h5 31.Qd1 Ne8 32.b5 Nc7 33.Rd6 Rxf2 34.Kxf2 Qf4+ 35.Kg1 Qxe3+ 36.Kh1 Ne6
37.Rxd5 Bxd4 38.Rxh5+ Kg7 39.Bc4  1-0

[Event "CRO-chT"]
[Site "Makarska Tucepi"]
[Date "1995.??.??"]
[Round "?"]
[White "Loncar, Robert"]
[Black "Kovacevic, Vlatko"]
[Result "1-0"]
[WhiteElo "2420"]
[BlackElo "2505"]

1.Nf3 d5 2.c4 e6 3.d4 Nf6 4.Nc3 Bb4 5.Bg5 Nbd7 6.e3 c5 7.cxd5 exd5 8.Qc2 O-O
9.Bd3 Qa5 10.O-O c4 11.Bf5 Re8 12.Bh4 g6 13.Bh3 Kg7 14.Rac1 a6 15.Nd2 b5
16.Rfe1 Ne4 17.Ndxe4 dxe4 18.Bxd7 Bxd7 19.Red1 Bg4 20.Rd2 h5 21.d5 Bxc3 22.bxc3 f6
23.h3 Bf5 24.Qd1 g5 25.Bg3 Kg6 26.d6 h4 27.Bh2 Ra7 28.Rd5 Qd8 29.Qd4 Qd7
30.Rf1 Rb7 31.f4 g4 32.hxg4 Bxg4 33.f5+ Kf7 34.Rf4 Rg8 35.Rxe4 Bf3 36.Re7+ Qxe7
37.dxe7 Rxg2+ 38.Kf1 Rxe7 39.Rd6  1-0

[Event "CRO-chT"]
[Site "Makarska Tucepi"]
[Date "1995.??.??"]
[Round "?"]
[White "Mohr, Georg"]
[Black "Dizdar, Goran"]
[Result "1/2-1/2"]
[WhiteElo "2495"]
[BlackElo "2535"]

1.Nf3 d5 2.c4 e6 3.g3 dxc4 4.Qa4+ c6 5.Qxc4 b5 6.Qc2 Bb7 7.a4 a6 8.Bg2 Nd7
9.O-O Ngf6 10.d3 Be7 11.Nbd2 O-O 12.Nb3 c5 13.Bd2 Rc8 14.axb5  1/2-1/2

[Event "Manresa op"]
[Site "Manresa"]
[Date "1995.??.??"]
[Round "1"]
[White "Spassov, Liuben"]
[Black "Torner, JR."]
[Result "1-0"]
[WhiteElo "2450"]
[BlackElo "2100"]

1.Nf3 d5 2.c4 e6 3.g3 Nf6 4.Bg2 Be7 5.O-O O-O 6.d4 dxc4 7.Qc2 a6 8.a4 Nc6
9.Qxc4 Qd5 10.Nbd2 a5 11.b3 Rd8 12.Bb2 Ra6 13.Rfd1 Nb4 14.Qxc7 Rc6 15.Qxe7 Rd7
16.Ne5 Rxe7 17.Bxd5 Rc2 18.Bf3 Rxb2 19.Nec4 Rc2 20.Rac1 Rc7 21.Rxc2 Nxc2
22.e3 Bd7 23.Nxa5 Nd5 24.Nac4 b5 25.axb5 Bxb5 26.Rc1 Ncb4 27.Ra1 g6 28.Ra8+ Kg7
29.Rb8 Bc6 30.Ne5 Bb7 31.Ndc4 f6 32.Nd6 Rc1+ 33.Kg2 Ba6 34.Ne8+ Kf8 35.Nc7+ Ke7
36.Nxa6 Nxa6 37.Rb7+ Kd8 38.Nf7+ Kc8 39.Nd6+ Kd8 40.Bxd5 exd5 41.Rxh7  1-0

[Event "Manresa op"]
[Site "Manresa"]
[Date "1995.??.??"]
[Round "2"]
[White "Hernandez Casillas, J."]
[Black "Gonzales, J."]
[Result "0-1"]
[WhiteElo "2160"]
[BlackElo "2395"]

1.Nf3 d5 2.c4 c6 3.e3 Nf6 4.b3 Bf5 5.Bb2 e6 6.Be2 Nbd7 7.O-O Bd6 8.Nc3 h6
9.Rc1 O-O 10.d4 Ne4 11.Nxe4 dxe4 12.Ne5 f6 13.Nxd7 Qxd7 14.f3 exf3 15.Bxf3 Qc7
16.g3 a5 17.Qe2 a4 18.c5 Be7 19.b4 a3 20.Bc3 Bh3 21.Rfd1 f5 22.Qc4 Qd7 23.Be1 Bg5
24.Rc3 Bg4 25.Qe2 Bxf3 26.Qxf3 Ra4 27.Rb3 Bf6 28.Rdd3 Rfa8 29.Qd1 Qd5 30.Qc1 Qe4
31.Bd2 h5 32.Qf1 e5 33.dxe5 Bxe5 34.Rd7 h4 35.Be1 hxg3 36.hxg3 Qg4 37.Rxb7 Rd8
38.Rd3 Raa8 39.Kh2 Qh4+ 40.Kg1 Bxg3 41.Bxg3 Qxg3+ 42.Kh1 Qg4 43.Rd4 Rxd4
44.exd4 Re8 45.b5 Re3 46.Rb8+ Kh7 47.bxc6 Rh3+ 48.Qxh3+ Qxh3+ 49.Kg1 Qg3+  0-1

[Event "Manresa op"]
[Site "Manresa"]
[Date "1995.??.??"]
[Round "7"]
[White "Gonzales, J."]
[Black "Rocabert, Guillem A"]
[Result "1-0"]
[WhiteElo "2395"]
[BlackElo "2275"]

1.Nf3 d5 2.c4 c6 3.d4 Nf6 4.Nc3 a6 5.c5 g6 6.Bf4 Bg7 7.e3 O-O 8.Be2 Nbd7
9.h3 b6 10.cxb6 Qxb6 11.O-O Ne4 12.Na4 Qa7 13.Rc1 c5 14.dxc5 Ndxc5 15.Nxc5 Nxc5
16.Qxd5 Ne6 17.Be5 a5 18.Bxg7 Nxg7 19.Nd4 Nf5 20.Nc6 Qb7 21.e4 Be6 22.Qe5 Ng7
23.Nxa5 Rxa5 24.Qxa5 Qxb2 25.Bc4  1-0

[Event "Marostica op"]
[Site "Marostica"]
[Date "1995.??.??"]
[Round "6"]
[White "Schreuder, R."]
[Black "Godena, Michele"]
[Result "0-1"]
[WhiteElo "2200"]
[BlackElo "2430"]

1.Nf3 d5 2.c4 e6 3.d4 c6 4.b3 Nf6 5.g3 Bb4+ 6.Bd2 Be7 7.Bg2 O-O 8.O-O Nbd7
9.Nc3 b6 10.Re1 Ba6 11.Ne5 Nxe5 12.dxe5 Nd7 13.cxd5 cxd5 14.f4 Rc8 15.a4 Rc7
16.Kh1 Qc8 17.Nb5 Bxb5 18.axb5 Nc5 19.Qb1 Qd7 20.Rc1 Rfc8 21.b4 Ne4 22.Rxc7 Rxc7
23.Be1 Nc3 24.Qb3 Nxb5 25.Qd3 g6 26.g4 Qc6 27.e3 Qc4 28.Bf1 Qxd3 29.Bxd3 Nc3
30.b5 Ne4 31.Kg2 Kf8 32.Kf3 f5 33.exf6 Bxf6 34.Ra4 Nc5 35.Bb4 Kf7 36.Bxc5 bxc5
37.Ra6 c4 38.Bc2 Be7 39.g5 Bc5 40.h4 Bb6 41.h5 Rc5 42.Ra1 Rxb5 43.Rh1 Rb2
44.hxg6+ hxg6 45.Rh7+ Kg8 46.Bxg6 c3 47.Rh1 d4 48.exd4 Bxd4 49.Re1 Rb6 50.Bd3 a5
51.Ra1 Rc6 52.Bc2 Rc5 53.Ra2 Kf8 54.Ke4 Bg7 55.Ra4 Ke7 56.Bb3 c2 57.Bxc2 Rxc2
58.Rxa5 Rc4+ 59.Kf3 Bc3 60.Ra7+ Kf8 61.g6 Bd2 62.Rf7+ Kg8 63.Rf6 Kg7 64.Rxe6 Rxf4+
65.Kg3 Rb4 66.Re8 Bg5 67.Kf3 Kxg6 68.Rg8+ Kf5 69.Rf8+ Bf6 70.Re8 Ra4 71.Ke2 Be5
72.Kd3 Rd4+ 73.Ke3 Rc4 74.Rf8+ Bf6 75.Re8 Rc3+ 76.Kd2 Rh3 77.Rf8 Ke5 78.Ke2 Ra3
79.Kf2 Bg5 80.Ke2 Kd4 81.Re8 Bf4 82.Rd8+ Ke4 83.Re8+ Be5 84.Ke1 Ra2 85.Kf1 Kf4
86.Ke1 Bd4 87.Kd1 Be3 88.Ke1 Kf3 89.Rf8+ Bf4 90.Kd1 Rd2+ 91.Ke1 Rd7 92.Rf5 Rh7
93.Kd1 Rc7  0-1

[Event "Melbourne Masters"]
[Site "Melbourne"]
[Date "1995.??.??"]
[Round "10"]
[White "Kagan, Naum"]
[Black "Levi, Eddy"]
[Result "1-0"]
[WhiteElo "2395"]
[BlackElo "2235"]

1.Nf3 d5 2.c4 c6 3.b3 Bg4 4.Bb2 Nd7 5.e3 Ngf6 6.h3 Bh5 7.cxd5 cxd5 8.Nc3 e5
9.Be2 Bd6 10.Nb5 Bb8 11.Ba3 e4 12.Nfd4 Bxe2 13.Qxe2 Ne5 14.O-O a6 15.Nc3 Qa5
16.Nb1 Nd3 17.f4 b5 18.Nc6 Qc7 19.Nb4 Nxb4 20.Bxb4 d4 21.exd4 Ba7 22.Nc3 Qc6
23.Rac1 Bxd4+ 24.Kh2 Qe6 25.Rfe1 Bxc3 26.dxc3 Qf5 27.Qe3 Rd8 28.g4 Qe6 29.Rcd1 Rxd1
30.Rxd1 Qc6 31.Rd6 Qc7 32.Rxa6 Qb7 33.Qc5 Nd5 34.Ra7 Qb8 35.Qc6+  1-0

[Event "Minsk"]
[Site "Minsk"]
[Date "1995.??.??"]
[Round "10"]
[White "Fominyh, Alexander"]
[Black "Taimanov, Mark E"]
[Result "1/2-1/2"]
[WhiteElo "2520"]
[BlackElo "2505"]

1.Nf3 d5 2.c4 c6 3.d4 Nf6 4.e3 Bg4 5.h3 Bxf3 6.Qxf3 e6 7.Nc3 Nbd7 8.Bd3 Bb4
9.O-O O-O 10.a3 Ba5 11.b4 Bc7 12.cxd5 exd5 13.b5 Qe7 14.bxc6 bxc6 15.e4 Ba5
16.e5 Bxc3 17.exf6 Qxf6 18.Bxh7+ Kxh7 19.Qxc3 Nb6 20.a4 Nc4 21.a5 Rac8 22.a6 c5
23.Be3 Kg8 24.Rac1 Nxe3 25.fxe3 cxd4 26.Qxd4 Qxd4 27.exd4  1/2-1/2

[Event "Mlada Boleslav op"]
[Site "?"]
[Date "1995.??.??"]
[Round "?"]
[White "Krivoshey, Sergei"]
[Black "Hrubant, Ivan"]
[Result "1-0"]
[WhiteElo "2420"]
[BlackElo "2250"]

1.Nf3 d5 2.c4 c6 3.e3 Nf6 4.Nc3 g6 5.d4 Bg7 6.Be2 O-O 7.O-O Bg4 8.cxd5 Nxd5
9.h3 Be6 10.e4 Nxc3 11.bxc3 Qa5 12.Bd2 h6 13.c4 Qc7 14.d5 Bc8 15.Rb1 Na6
16.Be3 c5 17.Qd2 Kh7 18.Bf4 Qd8 19.e5 b6 20.Bd3 Nb4 21.Be4 f5 22.exf6 Rxf6
23.d6 Bf5 24.Bxa8 exd6 25.Rxb4 Qxa8 26.Rb3 g5 27.Bxd6 g4 28.hxg4 Bxg4 29.Bg3  1-0

[Event "Mlada Boleslav op"]
[Site "?"]
[Date "1995.??.??"]
[Round "?"]
[White "Freisler, Pavel"]
[Black "Buturin, Vladimir"]
[Result "0-1"]
[WhiteElo "2345"]
[BlackElo "2430"]

1.Nf3 d5 2.c4 c6 3.g3 Bg4 4.Bg2 e6 5.cxd5 exd5 6.O-O Nf6 7.d3 Be7 8.a3 O-O
9.Be3 Qc8 10.Qb3 Re8 11.Rc1 Na6 12.Nc3 h6 13.Qd1 Nc7 14.b4 Bh3 15.Qb3 Bd6
16.Bd4 Bxg2 17.Kxg2 Nh5 18.h3 Ne6 19.e3 Nxd4 20.Nxd4 Bxg3 21.fxg3 Rxe3 22.Nce2 Qe8
23.Rf1 Qe5 24.Qc3 Nxg3  0-1

[Event "Moscow1"]
[Site "Moscow"]
[Date "1995.??.??"]
[Round "?"]
[White "Nesterov, Aleksandar"]
[Black "Guliev, Sarhan"]
[Result "1-0"]
[WhiteElo "2205"]
[BlackElo "2470"]

1.Nf3 d5 2.c4 c6 3.d4 Nf6 4.Nc3 e6 5.Bg5 h6 6.Bxf6 Qxf6 7.Qb3 a5 8.e4 a4
9.Qc2 dxe4 10.Nxe4 Bb4+ 11.Kd1 Qd8 12.c5 O-O 13.a3 Ba5 14.Qxa4 Na6 15.Nd6 Bc7
16.Nxc8 Qxc8 17.Bxa6 Rxa6 18.Qc2 e5 19.Ke2 Re8 20.Rhe1 e4 21.Nd2 e3 22.Nf3 Qb8
23.g3 Qc8 24.fxe3 Qh3 25.Rf1 Raa8 26.Rae1 Re6 27.e4 Ba5 28.b4 Bc7 29.a4 g5
30.Rf2 Rd8 31.Qd3 f5 32.Kd2 f4 33.gxf4 Bxf4+ 34.Kc2 Re7 35.e5 Qe6 36.Qb3 Rd5
37.Re4 Kh8 38.Kb2 Qf5 39.Qc2 Qd7 40.Nh4 Re6 41.Rexf4 gxf4 42.Ng6+ Rxg6 43.Qxg6 Rxd4
44.Qxh6+ Qh7 45.Qf6+ Qg7 46.Rg2 Rxb4+ 47.Kc3 Qxf6 48.exf6  1-0

[Event "Moscow1"]
[Site "Moscow"]
[Date "1995.??.??"]
[Round "?"]
[White "Nesterov, Aleksandar"]
[Black "Dokuchaev, Aleksander"]
[Result "1/2-1/2"]
[WhiteElo "2205"]
[BlackElo "2395"]

1.Nf3 d5 2.c4 dxc4 3.Na3 Be6 4.e3 Nf6 5.Nxc4 Nbd7 6.b4 Bd5 7.Bb2 e6 8.a3 a6
9.d4 Bd6 10.Be2 b5 11.Nce5 Bxe5 12.dxe5 Ne4 13.O-O c5 14.Ne1 c4 15.f3 c3
16.Bc1 Nd2 17.Bxd2 cxd2 18.Nd3 Bc4 19.Qxd2 Nxe5  1/2-1/2

[Event "Moscow op"]
[Site "Moscow"]
[Date "1995.??.??"]
[Round "1"]
[White "Maljutin, Evgeni"]
[Black "Ulko, Jaroslav"]
[Result "1/2-1/2"]
[WhiteElo "2500"]
[BlackElo "2285"]

1.Nf3 d5 2.c4 dxc4 3.e3 Nc6 4.Bxc4 e5 5.Nc3 Bd6 6.d4 exd4 7.exd4 Nf6 8.O-O O-O
9.h3 h6 10.a3 Bf5 11.Re1 a6 12.Ne5 Bxe5 13.dxe5 Qxd1 14.Nxd1 Rfe8 15.Bf4 Nd7
16.Ne3 Ndxe5 17.Bxa6 Rxa6 18.Nxf5 Ra5 19.Kf1 Rd8 20.Ne7+ Nxe7 21.Bxe5 Rd7
22.Re4 Nd5 23.Rae1 c6 24.Bg3 Rc5 25.a4 Rc2 26.R4e2 Rxe2 27.Kxe2 f6 28.Rc1 Re7+
29.Kd3 f5 30.Rc4 Re1 31.Bb8 Kf7 32.h4 h5 33.g3 Ke6 34.Ba7 g6 35.Bc5 Rd1+
36.Ke2 Ra1 37.Ba3 Kd7 38.a5 Rb1 39.Ra4 Kc8 40.a6 bxa6 41.Rxa6 Kb7 42.Ra4 Kb8
43.Kd2 Kb7 44.Kc2 Ra1 45.Kb3 Rc1 46.Rc4 Ra1 47.Bc5 Ra5 48.Rc2 Kc7 49.Kc4 Ra1
50.Re2 Kd7 51.b4 Rc1+ 52.Kd4 Rd1+ 53.Ke5 Nc3 54.Re3 Nd5 55.Ra3 Re1+ 56.Be3 Nxe3
57.fxe3 Kc7 58.Kf6 Rg1 59.Kxg6 Rxg3+ 60.Kxf5 Kd6 61.Rd3+ Ke7 62.Rc3 Kd6 63.Kf6 Kd7
64.Rb3 Kc7 65.b5 c5 66.b6+ Kb7 67.Rb5 Rg4 68.Rxc5 Rxh4 69.Kg6 Kxb6 70.Rxh5 Re4
71.Rh3 Kc5 72.Kf5 Kd5 73.Rg3 Re5+ 74.Kf4 Re4+ 75.Kf3 Ra4 76.Rg5+ Ke6 77.e4 Ra1
78.Rb5 Rf1+ 79.Ke3 Re1+ 80.Kd4  1/2-1/2

[Event "Moscow op"]
[Site "Moscow"]
[Date "1995.??.??"]
[Round "1"]
[White "Egiazarian, A."]
[Black "Getmanchuk, Andrei V"]
[Result "1-0"]
[WhiteElo "2450"]
[BlackElo "2165"]

1.Nf3 d5 2.c4 e6 3.d4 c6 4.Nc3 dxc4 5.e3 b5 6.a4 Bb4 7.Bd2 a5 8.axb5 Bxc3
9.Bxc3 cxb5 10.b3 Bb7 11.bxc4 b4 12.Bb2 Nf6 13.Bd3 Nbd7 14.O-O O-O 15.Nd2 Qc7
16.f4 a4 17.e4 a3 18.Bc1 Rfb8 19.e5 Ne8 20.f5 exf5 21.Rxf5 Nf8 22.Nb3 Bc6
23.Qf1 g6 24.Rf2 Ng7 25.e6 fxe6 26.Bf4 Qe7 27.Bxb8 Rxb8 28.Qe1 Qd8 29.Qe5 Nd7
30.Qd6 Ba4 31.Nc5 Rb6 32.Qf4 Nf5 33.Nxa4 Ra6 34.Bc2  1-0

[Event "Moscow op2"]
[Site "Moscow"]
[Date "1995.??.??"]
[Round "1"]
[White "Bondarenko, Vladimir"]
[Black "Mukhametov, Eldar"]
[Result "1/2-1/2"]
[WhiteElo "2315"]
[BlackElo "2515"]

1.Nf3 d5 2.c4 e6 3.g3 dxc4 4.Qa4+ Nd7 5.Qxc4 a6 6.Bg2 c5 7.Qb3 Rb8 8.d3 Bd6
9.O-O Ngf6 10.Nc3 b5 11.a4 O-O 12.axb5 axb5 13.Ng5 Be5 14.Nf3 Bd6 15.Ng5 Qb6
16.Nge4 Nxe4 17.Nxe4 Bb7 18.Be3 Be7 19.Qc2 Rfc8 20.Rfc1 Qd8 21.Ra7 Bd5 22.Rca1 c4
23.Bf4 Ra8 24.dxc4 bxc4 25.Bd2 Rxa7 26.Rxa7 Ra8 27.Qa4 Rxa7 28.Qxa7 h6 29.Ba5 Qc8
30.Nd2 Bxg2 31.Kxg2 Qc6+ 32.f3 Qd5 33.Bc3 Bf6 34.Qa5 Qxa5 35.Bxa5 Bxb2 36.Nxc4  1/2-1/2

[Event "Moscow-ch op"]
[Site "Moscow"]
[Date "1995.??.??"]
[Round "4"]
[White "Umanskaya, Irina"]
[Black "Izmukhambetov, Salauat"]
[Result "1/2-1/2"]
[WhiteElo "2300"]
[BlackElo "2435"]

1.Nf3 d5 2.c4 c6 3.d4 Nf6 4.Nc3 dxc4 5.a4 Bg4 6.Ne5 Bh5 7.g3 e6 8.Bg2 Bb4
9.O-O Nd5 10.Na2 Be7 11.Nxc4 O-O 12.Nc3 a5 13.Qd2 Nb6 14.Ne5 f6 15.Nf3 Na6
16.b3 Qd7 17.Na2 Nd5 18.Bb2 Rad8 19.Rfd1 Qc7 20.e4 Ndb4 21.Nxb4 Nxb4 22.Qc3 Rfe8
23.Bc1 e5 24.Be3 exd4 25.Rxd4 Bf8 26.Nd2 Rxd4 27.Bxd4 Rd8 28.Nc4 Rxd4 29.Qxd4 Nc2
30.Qb2 Nxa1 31.Qxa1 Qd8 32.e5 Bb4 33.Ne3  1/2-1/2

[Event "Moscow-ch op"]
[Site "Moscow"]
[Date "1995.??.??"]
[Round "6"]
[White "Umanskaya, Irina"]
[Black "Kosyrev, Vladimir"]
[Result "1/2-1/2"]
[WhiteElo "2300"]
[BlackElo "2155"]

1.Nf3 d5 2.c4 e6 3.d4 Nf6 4.Nc3 Be7 5.Bg5 O-O 6.e3 h6 7.Bh4 b6 8.Be2 Bb7
9.Bxf6 Bxf6 10.cxd5 Bxd5 11.Nxd5 Qxd5 12.Nd2 Qd7 13.Bf3 c6 14.O-O a5 15.Rc1 Ra7
16.Qb3 Qc7 17.Rc3 Be7 18.a3 c5 19.dxc5 Bxc5 20.Ne4 Nd7 21.Qb5 a4 22.Rd1 f5
23.Nxc5 Nxc5 24.h3 Rd8 25.Rcc1 Qb8 26.Rxd8+ Qxd8 27.Rd1 Qb8 28.g3 Re7 29.Rd4 Qc7
30.Rb4 Rd7 31.Qxb6 Qxb6 32.Rxb6 Rd2 33.Rc6 Nd3 34.Rxe6 Nxf2 35.Bg2  1/2-1/2

[Event "Moscow op2"]
[Site "Moscow"]
[Date "1995.??.??"]
[Round "7"]
[White "Frog, Ilya"]
[Black "Gorbatow, Alexej"]
[Result "0-1"]
[WhiteElo "2295"]
[BlackElo "2420"]

1.Nf3 d5 2.c4 d4 3.e3 c5 4.exd4 cxd4 5.g3 Nc6 6.Bg2 e5 7.O-O Bd6 8.Re1 Nge7
9.b4 f6 10.b5 Nb8 11.d3 O-O 12.Nbd2 Bb4 13.Rb1 Bc3 14.Re2 Bg4 15.Ne4 Ba5
16.h3 Bh5 17.Ba3 Nd7 18.Nd6 Rb8 19.g4 Bg6 20.Nh4 b6 21.Nb7 Qe8 22.Nxa5 bxa5
23.c5 Bf7 24.c6 Nb6 25.Nf5 Ned5 26.c7 Rc8 27.Nd6 Qd7 28.Nxc8 Rxc8 29.Rc2 Nc3
30.Bc6 Qxc7 31.Rxc3 dxc3 32.Rc1 Nd5 33.Qf3 Rd8 34.Bc5 h5 35.d4 hxg4 36.hxg4 Nf4
37.Rxc3 exd4 38.Rc2 g5  0-1

[Event "Moscow-ch op"]
[Site "Moscow"]
[Date "1995.??.??"]
[Round "8"]
[White "Frog, Ilya"]
[Black "Karpatchev, Aleksandr"]
[Result "1-0"]
[WhiteElo "2295"]
[BlackElo "2415"]

1.Nf3 d5 2.c4 e6 3.g3 Nf6 4.Bg2 Be7 5.O-O O-O 6.b3 a5 7.Bb2 a4 8.d3 b6 9.Nc3 a3
10.Bc1 Bb7 11.Nd4 Nbd7 12.Nc2 Qc8 13.Nb5 dxc4 14.Bxb7 Qxb7 15.bxc4 Ra5 16.Bxa3 Bxa3
17.Nbxa3 Rfa8 18.Qc1 c6 19.Nb1 Rxa2 20.Rxa2 Rxa2 21.Nc3 Ra5 22.Qf4 Qb8 23.Qe3 Qc7
24.Rb1 h5 25.Nd4 Qd6 26.Nf3 Ng4 27.Ne4 Qc7 28.Qd4 Nge5 29.Nfg5 c5 30.Qe3 Qc6
31.Nf3 f6 32.Nxe5 Nxe5 33.f4 Ng4 34.Qf3 Qd7 35.h3 Qd4+ 36.Kh1 Ne3 37.Kh2 Ra6
38.Qxh5 Qd7 39.Nxc5 Qc6 40.Ne4 f5 41.Qf3 fxe4 42.Qxe3 exd3 43.Qxd3 Ra2 44.Rd1 Ra8
45.h4 Rc8 46.Kg1 Qc5+ 47.Kg2 Qc6+ 48.Kf2 Kh8 49.Qe3 Rf8 50.Rb1 Rb8 51.h5 Rb7
52.Qd4 Kh7 53.Rb5 Rd7 54.Rxb6  1-0

[Event "Moscow5"]
[Site "Moscow"]
[Date "1995.??.??"]
[Round "9"]
[White "Nesterov, Jakov"]
[Black "Kharitonov, Andrei Y"]
[Result "1/2-1/2"]
[WhiteElo "2470"]
[BlackElo "2550"]

1.Nf3 d5 2.c4 e6 3.d4 Nf6 4.Bg5 Be7 5.Nc3 O-O 6.e3 Nbd7 7.Qc2 c6 8.a3 b6
9.cxd5 cxd5 10.Bd3 Bb7 11.O-O Rc8 12.Qe2 Ne4 13.Bxe7 Qxe7 14.Rfc1 Nxc3 15.bxc3 Nb8
16.Qc2 g6 17.Ne5 Nc6 18.Nxc6  1/2-1/2